|
|
|
|
| LEADER |
00941nab#a2200325#ar4500 |
| 001 |
000073340 |
| 003 |
SVKKK |
| 005 |
20040107xxxxxxx. |
| 008 |
06 c xo huno |
| FMT |
|
|
|
| 038 |
|
|
|a SVKKK
|
| 040 |
|
|
|a SVKKK
|b slo
|e AACR2
|
| 041 |
0 |
|
|a hun
|
| 044 |
|
|
|a xo
|c SK
|
| 080 |
|
|
|a 616-051
|
| 242 |
1 |
0 |
|a Nový lekár
|
| 245 |
0 |
0 |
|a Uj orvos
|
| 500 |
|
|
|a mikrofilm
|
| 520 |
2 |
|
|a Správa o tom, že z Budapesti sa do Humenného presídlil Dr. Armín Knapp. Dr. Szekerák už nestačil sám na množstvo práce.
|
| 650 |
0 |
4 |
|a Knapp, Armín (lekár) - Budapest (HU) - pôsobenie ukončené - Humenné - usadenie sa - august 1909 - správy
|
| 650 |
0 |
4 |
|a Szekerák, Ján (lekár) - Humenné
|
| 773 |
0 |
|
|t Felvidéki Hirlap
|g Roč. 2, č. 31 (01.08.1909) s. 2
|
| 957 |
|
|
|a Budapest (HU)
|
| 957 |
|
|
|a Humenné
|
| 958 |
|
|
|a DG
|
| 958 |
|
|
|a SK
|
| 974 |
|
|
|a Ba
|d 20040107
|
| 992 |
|
|
|a RBX
|
| BAS |
|
|
|
| 998 |
|
|
|a RETRO
|